000 00313nam a22001337a 4500
008 190306b xxu||||| |||| 00| 0 eng d
020 _a9781455707720
041 _aeng
080 _a610
100 _a4
101 _aSHM
245 _aDifferential Diagnosis of Common Complaints
_cSeller, R.H
942 _2udc
_cBK
999 _c54619
_d54619